| 000 | 00478nam a22001697a 4500 | ||
|---|---|---|---|
| 008 | 211122b |||||||| |||| 00| 0 eng d | ||
| 020 | _a047128419X | ||
| 050 | _aTD897.5 .S45 1992 C.2 | ||
| 100 | _aSell, Nancy J. | ||
| 245 |
_aIndustrial pollution control _bIssues and techniques |
||
| 250 | _a2nd Ed. | ||
| 260 |
_aNew York _bJohn Wiley _c1992 |
||
| 300 | _axii, 404p. | ||
| 650 | _aFactory and trade waste | ||
| 650 |
_aIndustry _vEnvironmental aspects |
||
| 942 |
_2lcc _cBK |
||
| 999 |
_c19141 _d19140 |
||